000 00977nam a2200265Ia 4500
003 OSt
005 20221005104329.0
006 a|||||r|||| 00| 0
007 ta
008 221004b |||||||| |||| 00| 0 hin d
020 _a9789352665693 (hbk)
_cINR 500.00
024 _a64613
037 _bGV726, 11/03/2020, Vani Prakashan
_cTextual
040 _aCRL
_cCRL
_bhin
041 _2hin
_ahin
082 _aNW44wN48, 152Q8
100 _aसोमाया, भावना, ले.
245 0 _aहेमा मालिनी
_b एक अनकही कहानी
246 _aHemā mālinī: ek anakahī kahānī
260 _aदिल्ली
_bप्रभात प्रकाशन भारत
_c2018
300 _a223पृ0
_ccm.
650 _aललित कला
_9156314
942 _hNW44wN48, 152Q8
_cTEXL
_2cc
999 _c1012391
_d1012391